Analysis and design of information systems

Saved in:
Bibliographic Details
Main Author: Langer, Arthur M.
Format: Book
Language:English
Published: New York : Springer, c2001
Edition:2η έκδ.
Subjects:
Tags: Add Tag
No Tags, Be the first to tag this record!

MARC

LEADER 00000nam a2200000 i 4500
001 1/69470
008 050114s2001 eng d
020 |a 0-387-95038-9 
035 |l 10075962 
040 |a GR-MY-UA  |b gre  |e aacr 
041 0 |a eng 
082 0 |a 004.21  |2 (21) 
100 1 |a Langer, Arthur M. 
245 1 0 |a Analysis and design of information systems /  |c Arthur M. Langer 
250 |a 2η έκδ. 
260 |a New York :   |b Springer,   |c c2001 
300 |a xiv, 281 σ.;  |b εικ.;  |c 25 εκ. 
500 |a Αναθ. έκδ. του: The art of analysis, c1997 
504 |a Περιέχει βιβλιογραφικές αναφορές και ευρετήριο 
650 0 0 |a Computer software  |x Development. 
650 0 0 |a System analysis. 
852 |a INST  |b SAMOS  |e 20050114  |h 004.21 LAN  |p 005300022569  |q 005300022569  |t BK  |y 0 
901 |a BIBL3-2005-1 
909 |a Σ  |b 114123 
920 |a ΔΙΕΥΡΥΝΣΗ  |b ΕΠΕΑΕΚ-ΤΜΠΕΣ  |y ΣΑΜΟΣ  |z 2004-10 
970 |a ΚΟΣΙΕΡΗΣ  |b ΧΡΗΣΤΟΣ  |z 2005/01/14